00623cam a22001931 4500001001300000003000400013005001700017008004100034010001700075035001900092040003600111042001200147050001900159245013200178260003200310300003400342600003800376999001500414af 49000914 DLC20260227110917.0800816s1934 gw cf 000 0bger c aaf 49000914  a(OCoLC)6628306 aHarvard Univ. LibrarycOCldDLC apremarc00aDD231.H5bH62500aHindenburg;bein Ehren- und Gedenkbuch für das deutsche Volk.cMit 32 Kupfertiefdrucktafeln und dem Wortlaut des Testamentes. aBerlin,bR. Hobbingc[1934] a95 p.bplates, ports.c25 cm.10aHindenburg, Paul von,d1847-1934. c6776d6776